| 000 | 00974nam1a22002651i 4500 | ||
|---|---|---|---|
| 001 | v19\rc\2105901 | ||
| 005 | 20260406163355.0 | ||
| 035 | _a(NLR Aleph) 005279117 | ||
| 090 |
_a6079475 _c6079475 |
||
| 100 | _a20090914g18131894|||a0rusy50 ca | ||
| 101 | 0 | _arus | |
| 102 | _aRU | ||
| 105 | _az ||||| | ||
| 200 | 1 | _aСобрание государственных грамот и договоров, хранящихся в Государственной коллегии иностранных дел | |
| 210 |
_aМосква _d1813-1894 |
||
| 215 | _d36-40 | ||
| 300 | _aИзд. на средства Н.П. Румянцева | ||
| 710 | 0 | 1 |
_aРоссия _bГосударственная коллегия иностранных дел _3RU\NLR\AUTH\889934777 _9364580 |
| 801 | 0 |
_aRU _bNLR _gpsbo |
|
| 801 | 1 |
_aRU _bProSoft-M _2rusmarc |
|
| 801 | 2 |
_aRU _bNLR _c20110323 _2rusmarc |
|
| 852 |
_aNLR _j18.330А.52 |
||
| 852 |
_aNLR _bМф _jК-1/12497 |
||
| 942 | _cBOOK | ||